War and society in the greek world
Uloženo v:
| Hlavní autoři: | , |
|---|---|
| Médium: | Kniha |
| Jazyk: | angličtina |
| Vydáno: |
Leicester
Routledge
1993
|
| Vydání: | 1a. ed |
| Edice: | Leicester-Nottingham Studies in Ancient Society, 4
|
| Témata: | |
| Tagy: |
Přidat tag
Žádné tagy, Buďte první, kdo vytvoří štítek k tomuto záznamu!
|
MARC
| LEADER | 00000nam a2200000 a 4500 | ||
|---|---|---|---|
| 001 | UCJ2729 | ||
| 003 | CL-VaPUC | ||
| 008 | 070112e19930000UK |||||||||||||||||eng|d | ||
| 020 | |a 0415066433 | ||
| 082 | 0 | 4 | |a 938 |b RIC |2 21 |
| 100 | 0 | |a Rich, John |e author |9 503649 | |
| 700 | 0 | |a Shipley, Graham |e author |9 503650 | |
| 245 | 1 | 0 | |a War and society in the greek world |
| 250 | |a 1a. ed | ||
| 300 | |a 263 p | ||
| 942 | |c BK | ||
| 945 | |d 20070112 00:00:00 |a jtorresc | ||
| 260 | |a Leicester |b Routledge |c 1993 | ||
| 650 | 0 | |a Historia antigua |9 267521 | |
| 650 | 0 | |a Imperio Persa |9 438880 | |
| 650 | 0 | |a Guerra |9 255876 | |
| 650 | 7 | |a GUERRA DEL POLOPONESO |2 CL-VaPUC |9 499279 | |
| 650 | 7 | |a GRECIA CLASICA |2 CL-VaPUC |9 433640 | |
| 651 | 0 | |a Grecia |9 265314 | |
| 583 | |a last modification |c 20070112 00:00:00 |k Rodrigo Vera | ||
| 490 | 0 | |a Leicester-Nottingham Studies in Ancient Society, 4 | |
| 999 | |c 318862 |d 318860 | ||
| 952 | |0 0 |1 0 |4 0 |6 938_000000000000000_RIC_1993 |7 0 |8 A |9 397057 |a BIBHIS |b BIBHIS |d 2019-11-22 |i 4290232 |l 3 |m 2 |o 938 RIC 1993 |p 4290232 |r 2025-04-21 |s 2025-03-17 |w 2019-11-22 |y BK |k HIS | ||